Reprezentacja po piłkarzu - Statystyki

Ogólne statystyki
  • Ten quiz został rozwiązany 335 razy
  • Średni wynik to 13 z 15
Statystyki odpowiedzi
Piłkarz Reprezentacja % Poprawnych
Neymar Brazylia
99%
Lionel Messi Argentyna
98%
Matty Cash Polska
98%
Harry Maguire Anglia
95%
Erling Braut Håland Norwegia
95%
Son Heung-min Korea Południowa
94%
Sadio Mane Senegal
92%
Memphis Depay Holandia
90%
Emil Forsberg Szwecja
89%
Kai Havertz Niemcy
87%
James Rodriguez Kolumbia
86%
Patrik Schick Czechy
85%
Christian Pulisic Usa
85%
Aaron Ramsey Walia
81%
Unai Simon Hiszpania
78%
Nie znaleziono quizów pasujących do podanych kryteriów
Rozkład punktacji
Procent ludzi z każdym wynikiem
Percentyl według liczby udzielonych odpowiedzi
Twoja historia wyników
Nie rozwiązałeś tego quizu